Statistics for European Geography by Letter - J

Click here to take the quiz!

General Stats

  • This quiz has been taken 105 times
  • The average score is 9 of 20

Answer Stats

HintAnswer% Correct
Peninsula including mainland Denmark and a part of northern GermanyJutland
96%
British Crown Dependency which is the largest of the Channel IslandsJersey
91%
Roman general and dictator who conquered Gaul and played a key role in the fall of the Roman Republic and eventual rise of the Roman EmpireJulius Caesar
83%
Football club based in Turin that is the most successful in Italian historyJuventus
81%
Canton in northwestern Switzerland that borders FranceJura
77%
Geologic period named after the mountain range in the above with the same name, known for the dinosaur fossils found in its strataJurassic
75%
King of Scotland who succeeded Elizabeth I to become King of England, resulting in a personal union of those countriesJames VI and I
74%
Byzantine emperor who conquered much of the western Mediterranean, including Rome itselfJustinian
55%
10th largest city of SwedenJönköping
40%
Second-largest city in the German state of Thuringia, with a university founded in 1558Jena
38%
Volcanic island in the Arctic Ocean that belongs to NorwayJan Mayen
37%
Mountain range within the Alps located in Italy and SloveniaJulian Alps
32%
Spanish city in Andalusia known for its production of olive oilJaén
28%
Seventh-largest city in FinlandJyväskylä
23%
Resort town on the Baltic Sea which is the fifth-largest city in LatviaJūrmala
21%
Tallest mountain range in Norway, named after a race of giants from Norse mythologyJotunheimen
18%
Fourth-largest city in Latvia, which was the capital of the former Duchy of Courland and SemigalliaJelgava
16%
Dynasty which ruled Poland and Lithuania, leading to the formation of the Polish-Lithuanian CommonwealthJagiellonian
9%
Town that is the centre of the Slovenian mining industryJesenice
8%
River and mountain range in Czechia and PolandJizera
4%

Score Distribution

Percentile by Number Answered

Percent of People with Each Score

Your Score History

You have not taken this quiz